|
|
|
|
| LEADER |
00000nam a2200000Ii 4500 |
| 001 |
DIGVEDIV0605 |
| 003 |
NyNyDIG |
| 006 |
m o d |
| 007 |
cr ||||||||||| |
| 008 |
250304s2024 sp ob 100 0 spa d |
| 035 |
|
|
|a (OCoLC)1507373959
|
| 040 |
|
|
|a DGITA
|b eng
|e rda
|e pn
|c DGITA
|
| 020 |
|
|
|a 9788410630673
|q eBook
|
| 020 |
|
|
|z 9788410630642
|q impreso
|
| 050 |
1 |
4 |
|a BV4501.3 ebook
|
| 111 |
2 |
|
|a Jornadas de la Asociación de Teólogas Españolas (ATE)
|n (13th :
|d 2023 :
|c Madrid),
|e author.
|
| 245 |
1 |
0 |
|a Espiritualidad feminista :
|b intersecciones entre el cuerpo, la justicia y la ecología /
|c María Belén Brezmes Alonso (ed.).
|
| 264 |
|
1 |
|a Estella (Navarra), España :
|b Editorial Verbo Divino,
|c 2024.
|
| 300 |
|
|
|a 1 online resource.
|
| 336 |
|
|
|a text
|b txt
|2 rdacontent
|
| 337 |
|
|
|a computer
|b c
|2 rdamedia
|
| 338 |
|
|
|a online resource
|b cr
|2 rdacarrier
|
| 347 |
|
|
|a text file
|2 rdaft
|
| 347 |
|
|
|b EPUB
|
| 490 |
1 |
|
|a Aletheia
|
| 500 |
|
|
|a Subtitle taken from the cover.
|
| 504 |
|
|
|a Includes bibliographical references.
|
| 588 |
0 |
|
|a Online resource; title from ePub title page (Digitalia, viewed March 4, 2025)
|
| 650 |
|
0 |
|a Spirituality
|x Study and teaching
|v Congresses.
|
| 650 |
|
0 |
|a Feminist theology
|x Study and teaching
|v Congresses.
|
| 700 |
1 |
|
|a Brezmes Alonso, María Belén,
|e editor.
|
| 776 |
0 |
8 |
|i Print version:
|a Jornadas de la Asociación de Teólogas Españolas (ATE) (13th : 2023 : Madrid).
|t Espiritualidad feminista.
|d Estella (Navarra), España : Editorial Verbo Divino, 2024
|z 9788410630642
|
| 791 |
2 |
|
|a Digitalia (Firm),
|e distributor.
|
| 793 |
0 |
|
|g Digitalia eBook Collection:
|a Editorial Verbo Divino
|
| 830 |
|
0 |
|a Aletheia (Estella, Spain)
|
| 856 |
4 |
0 |
|3 Digitalia Hispánica
|u https://www.digitaliapublishing.com/a/169742/
|
| 910 |
|
|
|a Premium collection: 2025
|